Statistiques concernant Nommez les 10 meilleures équipes nationales de football au monde 2024

Cliquez ici pour prendre le quiz!

Statistiques générales

  • Ce quiz a été pris 268 fois
  • Le résultat moyen est 9 sur 10

Statistiques - réponses

HintRéponse% Correct
2France
100%
1Argentine
98%
8Espagne
96%
5Brésil
95%
3Angleterre
92%
7Portugal
91%
4Belgique
90%
9Italie
88%
10
Croatie
72%
6Pays-Bas
71%

Distribution des résultats

Percentile par nombre de réponses

% des personnes avec chaque résultat

Votre développement - résultats

Vous n’avez pas pris ce quiz